| 000 | 00406nam a2200169Ia 4500 | ||
|---|---|---|---|
| 003 | OSt | ||
| 005 | 20240223110353.0 | ||
| 008 | 170619s9999 xx 000 0 und d | ||
| 020 | _a9781107670174 | ||
| 040 | _cIIMT ENGINEERING COLLEGE | ||
| 100 | _aMeivor- R | ||
| 245 | 0 | _aGlobal Services outsourcing | |
| 260 | _bCambridge University Press | ||
| 260 | _c2011 | ||
| 546 | _aENGLISH | ||
| 942 |
_2ddc _c02 |
||
| 999 |
_c22706 _d22706 |
||